[Event "Calvia Amateur op 16th"]
[Site "Calvia"]
[Date "2019.10.13"]
[Round "9"]
[White "Almquist, Rutger"]
[Black "Dominguez Martinez, Nicolas"]
[Result "1-0"]
[WhiteElo "1556"]
[BlackElo "1278"]
[PlyCount "93"]
[EventDate "2019.10.05"]
[EventType "swiss"]
[EventRounds "9"]
[EventCountry "ESP"]
[SourceTitle "CBM 192 Extra"]
[Source "Chessbase"]
[SourceDate "2019.11.06"]
[SourceVersion "1"]
[SourceVersionDate "2019.11.06"]
[SourceQuality "1"]

1. d4 d5 2. e3 c5 3. c3 Nc6 4. Bd3 e5 5. dxe5 Nxe5 6. Bb5+ Nc6 7. Nf3 a6 8. Bxc6+ bxc6 9. 0-0 Bd6 10. Re1 Nf6 11. Nbd2 Bf5 12. Qa4 Be7 13. Ne5 Bd7 14. Ndf3 Qc7 15. Nxd7 Nxd7 16. Qg4 0-0 17. Nd2 Ne5 18. Qg3 Bd6 19. f4 Nd3 20. Rf1 Rab8 21. Rb1 Rfe8 22. Nb3 a5 23. Na1 c4 24. b3 Bc5 25. Bd2 Qa7 26. Nc2 cxb3 27. axb3 Bd6 28. Nd4 Nc5 29. Nxc6 Qc7 30. Nxb8 Rxb8 31. b4 axb4 32. cxb4 Ne4 33. Qe1 Qc2 34. Rd1 Nxd2 35. Qxd2 Qxd2 36. Rxd2 g6 37. Rxd5 Bf8 38. b5 Kg7 39. Rb1 Rb6 40. Rc1 Bb4 41. Rc6 Rb7 42. b6 h5 43. e4 Be7 44. Kf2 Bh4+ 45. g3 Be7 46. e5 Rb8 47. Rd7 1-0

[Event "Guernsey Holiday op 43rd"]
[Site "Guernsey"]
[Date "2017.10.17"]
[Round "3"]
[White "Haisma, Henk"]
[Black "Almquist, Rutger"]
[Result "1-0"]
[WhiteElo "1808"]
[BlackElo "1589"]
[PlyCount "84"]
[EventDate "2017.10.15"]
[EventType "swiss"]
[EventRounds "7"]
[EventCountry "GCI"]
[SourceTitle "EXT 2020"]
[Source "ChessBase"]
[SourceDate "2019.10.17"]
[SourceVersion "1"]
[SourceVersionDate "2019.10.17"]
[SourceQuality "1"]

1. b4 e5 2. Bb2 Bxb4 3. Bxe5 Nf6 4. e3 Nc6 5. Bb2 0-0 6. Nf3 b6 7. a3 Be7 8. d3 d5 9. Nbd2 Re8 10. Be2 Bd6 11. 0-0 Bb7 12. d4 h6 13. c4 Ba6 14. Qa4 Na5 15. Rfc1 dxc4 16. Nxc4 Bxc4 17. Bxc4 Nxc4 18. Rxc4 a6 19. Rc6 Nd7 20. Qb3 Qe7 21. Rac1 Rac8 22. Qd3 Nb8 23. R6c2 Red8 24. e4 Bf4 25. Re1 f6 26. Nh4 Qd7 27. g3 Be5 28. Qb3+ Qf7 29. Qxf7+ Kxf7 30. dxe5 fxe5 31. Bxe5 c5 32. Nf5 Rc6 33. Bxg7 h5 34. Bc3 Rd3 35. Kf1 Rg6 36. Ke2 c4 37. Rd1 Rxd1 38. Kxd1 b5 39. Rd2 Nc6 40. Rd7+ Ke8 41. Rd6 Rxd6+ 42. Nxd6+ Ke7 1-0

[Event "Guernsey Holiday op 43rd"]
[Site "Guernsey"]
[Date "2017.10.15"]
[Round "1"]
[White "Almquist, Rutger"]
[Black "Glover, John"]
[Result "1/2-1/2"]
[WhiteElo "1589"]
[BlackElo "1765"]
[PlyCount "49"]
[EventDate "2017.10.15"]
[EventType "swiss"]
[EventRounds "7"]
[EventCountry "GCI"]
[SourceTitle "EXT 2020"]
[Source "ChessBase"]
[SourceDate "2019.10.17"]
[SourceVersion "1"]
[SourceVersionDate "2019.10.17"]
[SourceQuality "1"]

1. b4 Nf6 2. Bb2 d5 3. e3 Bf5 4. Nf3 e6 5. a3 Bd6 6. d4 Nbd7 7. c4 dxc4 8. Bxc4 a6 9. 0-0 0-0 10. Nbd2 c6 11. Re1 Ne4 12. Nxe4 Bxe4 13. Bd3 Bxd3 14. Qxd3 Qf6 15. e4 Qg6 16. Qe2 f6 17. e5 fxe5 18. dxe5 Be7 19. Qe3 Rf7 20. Qe4 Qxe4 21. Rxe4 Re8 22. Bd4 Bd8 23. Rc1 Nb6 24. Bxb6 Bxb6 25. Rd1 1/2-1/2